| 000 | 06388namaa22004451i 4500 | ||
|---|---|---|---|
| 003 | EG-GICUC | ||
| 005 | 20260502221117.0 | ||
| 008 | 260502s2025 ua a|||frm||| 000 0 eng d | ||
| 040 |
_aEG-GICUC _beng _cEG-GICUC _dEG-GICUC _erda |
||
| 041 | 0 |
_aeng _beng _bara |
|
| 049 | _aDeposit | ||
| 082 | 0 | 4 | _a617.692 |
| 092 |
_a617.692 _221 |
||
| 097 | _aM.Sc | ||
| 099 | _aCai01.09.09.M.Sc.2025.Ra.A | ||
| 100 | 0 |
_aRaouf Rafick Raouf Rizkalla, _epreparation. |
|
| 245 | 1 | 0 |
_aAssessment of peri-implant stress distribution in maxillary "All- on-4" prosthesis, fabricated on multi-unit angled abutments with Zirconia framework versus those with titanium framework : _bA 3D Finite Element Analysis / _cby Raouf Rafick Raouf Rizkalla ; Supervisors Prof. Dr Ashraf Emil Eskandar, Prof. Dr. Nouran Abdel Nabi, Dr. Karim Fouda. |
| 246 | 1 | 5 |
_aتوزيع الاجهاد حول الغرسة في حالات الكل علي اربعة في الفك العلوي المصنعة على دعامات بزاوية متعددة الوحدات مع إطار من الزركون مقابل تلك المزودة بإطار من التيتانيوم : _b تحليل العناصر المحدودة ثلاثي الابعاد |
| 264 | 0 | _c2025. | |
| 300 |
_a65 pages : _billustrations ; _c25 cm. + _eCD. |
||
| 336 |
_atext _2rda content |
||
| 337 |
_aUnmediated _2rdamedia |
||
| 338 |
_avolume _2rdacarrier |
||
| 502 | _aThesis (M.Sc)-Cairo University, 2025. | ||
| 504 | _aBibliography: pages 54-63. | ||
| 520 | 3 | _aAim: To evaluate peri-implant stresses generated using Finite Element Analysis (FEA)for titanium and zirconium frameworks for a maxillary all on four prostheses. Material and methods: Three-dimensional finite element models of an edentulous maxilla restored with a prosthesis supported by 4 implants were reconstructed to carry out this analysis. The anterior implants were placed vertically in the lateral-canine area, whereas the posterior implants were placed with a 17-degree distal angulation at the second premolar area bilaterally. Multi-unit abutments were used for all implants. A framework of the first model made of zirconia was designed, while for the second model a titanium framework was planned. A 200 N force was applied to the central fossa of the first molar bilaterally. The Von Mises stresses were recorded on the framework, multiunit abutments and implants. Results: The maximum Von Mises stress recorded on the prosthesis was similar between Zirconium and the Titanium framework. More significantly, the framework itself experiences a substantial difference, with the Zirconium framework showing a maximum stress of 131.88 MPa, while the Titanium framework's maximum stress was 95.272 Mpa. The maximum principal stresses on bone between the zirconium and titanium frameworks were nearly identical. The titanium framework showed a slightly higher value (11.025 MPa) than the zirconium (10.983 MPa).Regarding directional deformation both showed identical results. Conclusion: Both titanium and zirconium frameworks seem to be reliable treatment options for all on 4 concepts for restoring edentulous maxilla. Both materials showed similar pattern of transmission of stresses to the underlying implant and bone. Titanium showed more uniform stress distribution compared to zirconium within the framework. | |
| 520 | 3 | _aقيمت هذه الدراسة الجهود حول الزراعات المتولدة باستخدام تحليل العناصر المحدودة لهيكل الزركونيوم والتيتانيوم للفك العلوي في تعويض الكل على اربعة. تم إجراء الدراسة باستخدام نموذج العناصر المحدودة ثلاثية الأبعاد في الفك العلوي الاسنان تم ترميمه باستخدام طرف تعويضي مدعوم بأربع غرسات تم إعادة بناءها لإجراء هذا التحليل تم وضع الغرسات الأمامية عموديًا في الناحيتين ما بين القاطع الجانبي والناب في حين تم وضع الغرسات الخلفية بزاوية 17 درجة بعيدة في منطقة الضاحك الثانية تم استخدام دعامات متعددة الوحدات لجميع عمليات الزرع تم تصميم إطار النموذج الأول المصنوع من التيتانيوم بينما النسبة للنموذج الثاني ، تم التخطيط لإطار من الزركونيوم وتظهر نتائجنا أنه تم تقييم إجهاد فون ميزس والضغط الأقصى والتشوه الاتجاهي في منطقة العظام المحيطة بالزرع تظهر النتائج التي توصلنا إليها أنه تم تقييم إجهاد فون ميزس والحد الأقصى من الإجهاد والتشوه الاتجاهي في منطقة العظام المحيطة بالزرع، تم تقييم إجهاد فون ميزس والإجهاد الأقصى والتشوه الاتجاهي في منطقة العظام المحيطة بالزرعة، وأظهرت التيتانيوم عن الزركونيوم أداء افضل على الإطار والطرف الاصطناعي المحتفظ بالمسمار، إلى الأساس العظام والزراعات المثبتة. وفقًا لمؤسستنا، يمكننا أن نقترح استخدام إما هياكل الزركونيوم أو التيتانيوم مع تعويض كلي شاملة لعديم الأسنان في الفك العلوي، وهو ما يعتبر خيارًا علاجيًا موثوقًا به | |
| 530 | _aIssues also as CD. | ||
| 546 | _aText in English and abstract in Arabic & English. | ||
| 650 | 0 | _aOral Implantology | |
| 650 | 0 | _aزراعة الأسنان | |
| 653 | 1 |
_aAll-on-4 _aabutment _aZirconia _atitanium _aVon Mises stress |
|
| 700 | 0 |
_aAshraf Emil Eskandar _ethesis advisor. |
|
| 700 | 0 |
_aNouran Abdel Nabi _ethesis advisor. |
|
| 700 | 0 |
_aKarim Fouda _ethesis advisor. |
|
| 900 |
_b01-01-2025 _cAshraf Emil Eskandar _cNouran Abdel Nabi _cKarim Fouda _dKhaled Ahmed Abdeen _dRamy Maher Sadek _UCairo University _FFaculty of Oral and Dental Medicine _DDepartment of Oral Implantology |
||
| 905 | _aShimaa | ||
| 942 |
_2ddc _cTH _e21 _n0 |
||
| 999 | _c179898 | ||